000 00322nam a22001457a 4500
008 240311b ||||| |||| 00| 0 eng d
020 _a9789951633000
041 _aeng
080 _22012
_a574
082 _a574ELE
100 _a44
101 _aMJEDISI
245 _aGEOLOGY OF KOSOVA
_cELEZAJ ZENUN
942 _2udc
_cBK
999 _c60594
_d60594